Le rêve grec de Monsieur de Choiseul : Les voyages d'un européen des Lumières (notice n° 1568088)

détails MARC
000 -LEADER
fixed length control field 01592cam a2200133 4500500
005 - DATE AND TIME OF LATEST TRANSACTION
control field 20251214003957.0
041 ## - LANGUAGE CODE
Language code of text/sound track or separate title fre
042 ## - AUTHENTICATION CODE
Authentication code dc
100 10 - MAIN ENTRY--PERSONAL NAME
Personal name Barbier, Frédéric
Relator term author
245 00 - TITLE STATEMENT
Title Le rêve grec de Monsieur de Choiseul : Les voyages d'un européen des Lumières
260 ## - PUBLICATION, DISTRIBUTION, ETC.
Name of publisher, distributor, etc. Armand Colin,<br/>
Date of publication, distribution, etc. 2010.<br/>
520 ## - SUMMARY, ETC.
Summary, etc. Gabriel de Choiseul est l’homme d’un rêve, le rêve de l’Antiquité grecque. En 1776, il s’embarque pour un long voyage qui le conduit de la Grèce aux rives du Bosphore et qu’il restituera dans un extraordinaire ouvrage, le Voyage pittoresque de la Grèce. Frédéric Barbier nous convie à suivre ce périple, riche en découvertes et en rencontres inattendues  ; il nous montre comment cet aristocrate des Lumières fut amené à découvrir une autre civilisation, celle d’un Empire ottoman alors sur le déclin, et se passionna pour l’indépendance de la Grèce, trente ans avant Byron. Les pérégrinations qui mènent Choiseul de Constantinople jusqu’à Saint-Pétersbourg illustrent de manière exemplaire le destin d’un grand seigneur libéral, spectateur des transformations majeures qui marquent la fin du XVIIIIe siècle. Sans cesse à la frontière de deux mondes, entre Ancien Régime et Empire autant qu’entre Occident et Orient, le comte de Choiseul nous a légué sa vision très actuelle d’une Europe en train de se construire, qui trouve en notre époque de troublantes résonances. 
856 41 - ELECTRONIC LOCATION AND ACCESS
Uniform Resource Identifier <a href="https://shs.cairn.info/le-reve-grec-de-monsieur-de-choiseul--9782200248635?lang=fr&redirect-ssocas=7080">https://shs.cairn.info/le-reve-grec-de-monsieur-de-choiseul--9782200248635?lang=fr&redirect-ssocas=7080</a>

Pas d'exemplaire disponible.

PLUDOC

PLUDOC est la plateforme unique et centralisée de gestion des bibliothèques physiques et numériques de Guinée administré par le CEDUST. Elle est la plus grande base de données de ressources documentaires pour les Étudiants, Enseignants chercheurs et Chercheurs de Guinée.

Adresse

627 919 101/664 919 101

25 boulevard du commerce
Kaloum, Conakry, Guinée

Réseaux sociaux

Powered by Netsen Group @ 2025